000 00851nam a2200241 a 4500
005 20180803165209.0
008 140115b2001 ck a gr|||| 00| 0 spa d
040 _aCO-BoIAVH
_cCO-BoIAVH
041 _aspa
090 _aEA
_b00381
110 2 _bMinisterio del Medio Ambiente
245 1 _aPrevención de incendios forestales en quemas
_bguía para preservar y conservar nuestro medio ambiente
260 _aBogotá:
_bMinambiente,
_bAECI,
_bACCI,
_c2001.
300 _a20 paginas.
_bilustraciones.;
_c21 x 20 cm
650 4 _aIncendios
650 4 _aPrevención
650 4 _aConservación
650 4 _aMedio ambiente
710 _aAgencia Colombiana de Cooperación Internacional
710 _aAgencia Española de Cooperación Internacional
942 _cFolleto
_2z
945 _d2005-05-18
999 _c4502
_d4502